000 00617nam a2200205Ii 4500
003 JO-AjNU
008 230606s9999||||xx |||||||||||||| ||und||
020 _a0-471-01022-7
040 _aJO-AjNU
_beng
_erda
_cJO-AjNU
041 _aeng
050 1 4 _aHF5635 .H816 1994
100 3 _aHoskin,Robert,
_eauthor
_93044
245 0 0 _aFinancial Accounting : A User Perspective
264 3 1 _aNew York: John Wiley and Sons,1994
300 _a967p
_b Includes indexes(p 961-967)
336 _atext
_btxt
_2rdacontent
337 _aunmediated
_bn
_2rdamedia
338 _avolume
_bnc
_2rdacarrier
650 4 _aAccounting
_93045
999 _aE1597
_c1597
_d1597